Statistiques concernant Ville à pays n °24

Cliquez ici pour prendre le quiz!

Statistiques générales

  • Ce quiz a été pris 60 fois
  • Le résultat moyen est 10 sur 15

Statistiques - réponses

Random city Et pays % Correct
ToursFrance
96%
AcapulcoMexique
90%
OuagadougouBurkina Faso
90%
Palm SpringsÉtats-Unis
88%
LucerneSuisse
84%
MourmanskRussie
82%
MarbellaEspagne
80%
JaipurInde
80%
Port-SaïdEgypte
76%
Esch-sur-alzetteLuxembourg
69%
VästeråsSuède
55%
BandungIndonesie
49%
IaşiRoumanie
27%
HefeiChine
22%
AkureyriIslande
22%

Distribution des résultats

Percentile par nombre de réponses

% des personnes avec chaque résultat

Votre développement - résultats

Vous n’avez pas pris ce quiz